College Quizbowl Stats
College Quizbowl Stats
Circuits
Seasons
Sets
Records
Detailed Stats
About
Loading...
Upper Mid-Atlantic
Tossups
Bonuses
Players
Teams
Categories (Tossup)
Categories (Bonus)
Adrian Zhou
NYU C
Categories
Category
Powers
Gets
Negs
BBs
Points
Earliest Buzz
Avg. Buzz
First Buzzes
Top 3 Buzzes
BPA
PVF
Fine Arts - Other
0
1
0
0
10
112
112.00
0
0
0.00
0.00
History - Other
0
1
0
1
10
133
133.00
0
0
0.00
0.00
Science - Physics
0
1
0
0
10
117
117.00
0
0
0.00
0.00
Science - Chemistry
0
1
1
0
5
86
86.00
0
0
0.00
0.00
Buzzes
Category
Answer
Value
Buzz Position
Science - Chemistry
copper
10
86
Science - Chemistry
ammonia
-5
106
Fine Arts - Other
sculptures
10
112
Science - Physics
transport
10
117
History - Other
Hadrian
10
133
Previous
1
Next